000
00298nam a22001337a 4500
008
170527b xxu||||| |||| 00| 0 eng d
020
_a
0948507888
041
_a
eng
080
_a
007.52
100
_a
27
101
_a
IM
245
_a
FLEXIBLE ASSEMBLY SYSTEMS
_c
ANDREASEN, M.M
942
_2
udc
_c
BK
999
_c
14680
_d
14680